LEADER 01098nam a22002651i 4500 001 991004171649707536 005 20031007071155.0 008 031111s1980 fr |||||||||||||||||fre 020 $a2252021160 035 $ab12535977-39ule_inst 035 $aARCHE-056924$9ExL 040 $aDip.to Lingue$bita$cA.t.i. Arché s.c.r.l. Pandora Sicilia s.r.l. 082 04$a846.6 100 1 $aPange, Victor :$cde$0132006 245 13$aLe plus beau de toutes les fetes :$bMadame de Stael et Elisabeth Hervey, duchesse de Devonshire, d'après leur correspondance inédite 1804-1817 /$cVictor de Pange 260 $aParis :$bKlincksiek,$c1980 300 $a266 p., 16 p. di tav. ;$c24 cm 700 1 $aStaël-Holstein, Anne Louise Germaine$c 700 1 $aHervey, Elisabeth 907 $a.b12535977$b02-04-14$c13-11-03 912 $a991004171649707536 945 $aLE012 848.6 STA PAN$g1$i2012000152311$lle012$o-$pE0.00$q-$rl$s- $t0$u0$v0$w0$x0$y.i12980778$z13-11-03 996 $aPlus beau de toutes les fetes$9173101 997 $aUNISALENTO 998 $ale012$b13-11-03$cm$da $e-$ffre$gfr $h3$i1 LEADER 01695oam 2200457Ia 450 001 9910696111103321 005 20071011143430.0 035 $a(CKB)5470000002375704 035 $a(OCoLC)80550842 035 $a(EXLCZ)995470000002375704 100 $a20070129d2007 ua 0 101 0 $aeng 135 $aurmn||||||||| 181 $ctxt$2rdacontent 182 $cc$2rdamedia 183 $acr$2rdacarrier 200 10$aType region of the Ione Formation (Eocene), central California$b[electronic resource] $estratigraphy, paleogeography, and relation to auriferous gravels /$fby Scott Creely and Eric R. Force 205 $aVersion 1.0. 210 1$aReston, Va. :$cU.S. Geological Survey,$d2007. 215 $a1 electronic text (65 pages) $cHTML, digital, PDF file 225 1 $aOpen-file report ;$v2006-1378 300 $aTitle from PDF title screen (viewed on Jan. 29, 2007). 300 $aAt head of title on HTML title screen: Western Mineral Resources. 320 $aIncludes bibliographical references (pages 25-28). 517 $aType region of the Ione Formation 606 $aGeology, Stratigraphic$yEocene 606 $aPaleogeography$zCalifornia$zCentral Valley 606 $aGeology, Structural$zCalifornia$zCentral Valley 615 0$aGeology, Stratigraphic 615 0$aPaleogeography 615 0$aGeology, Structural 700 $aCreely$b Scott$01410585 701 $aForce$b Eric R$01212693 712 02$aGeological Survey (U.S.) 801 0$bGIS 801 1$bGIS 801 2$bGPO 906 $aBOOK 912 $a9910696111103321 996 $aType region of the Ione Formation (Eocene), central California$93499572 997 $aUNINA LEADER 00987nam 2200289z- 450 001 9910689427903321 005 20161209100630.0 035 $a(CKB)5860000000036317 035 $a(BIP)008704958 035 $a(EXLCZ)995860000000036317 100 $a20220406c2001uuuu -u- - 101 0 $aeng 200 10$aWelfare reform $ehearing before the Subcommittee on Human Resources of the Committee on Ways and Means, House of Representatives, One Hundred Seventh Congress, first session, March 15, 2001 215 $a1 online resource (iii, 88 p.) $cill 311 $a0-16-066078-5 517 $aWelfare Reform 606 $aWelfare recipients$xEmployment$zUnited States 606 $aPublic welfare$zUnited States 610 $aWelfare recipients 610 $aPublic welfare 610 $aPolitical science 615 0$aWelfare recipients$xEmployment 615 0$aPublic welfare 906 $aBOOK 912 $a9910689427903321 996 $aWelfare reform$94171976 997 $aUNINA